Metódy objektivizácie hodnotenia výrobkov porovnávaním ich technicko-ekonomických parametrov na počítačovom systéme SM 4-20 záverečná správa úlohy VHČ

Saved in:
Bibliographic Details
Main Author: Majtán, Miroslav
Corporate Author: Vysoká škola ekonomická v Bratislave. Fakulta riadenia
Other Authors: Šimončič, Igor, Barri, Tibor, Ulašin, Vladimír, Goga, Marián, Bošanský, Peter, Strnádek, Karol
Format: Book
Language:Slovak
Published: Bratislava Vysoká škola ekonomická 1987
Tags: Add Tag
No Tags, Be the first to tag this record!

MARC

LEADER 00000nam$a2200000$$$4500
001 0106962
005 20240502072200.8
041 0 |a slo 
044 |a SK 
245 1 0 |a Metódy objektivizácie hodnotenia výrobkov porovnávaním ich technicko-ekonomických parametrov na počítačovom systéme SM 4-20  |b záverečná správa úlohy VHČ 
264 1 |a Bratislava  |b Vysoká škola ekonomická  |c 1987 
300 |a 101 s. 
100 1 |a Majtán, Miroslav 
700 1 |a Šimončič, Igor 
700 1 |a Barri, Tibor 
700 1 |a Ulašin, Vladimír 
700 1 |a Goga, Marián 
700 1 |a Bošanský, Peter 
700 1 |a Strnádek, Karol 
710 2 |a Vysoká škola ekonomická v Bratislave. Fakulta riadenia